01150cam a2200301 a 45000010008000000030009000080050017000170060019000340070015000530080041000680200028001090350026001370400026001630500024001890820028002131000022002412100032002632450140002952500012004352600041004475020006004885040064004945060043005586500027006017000022006287730058006508560140007089480666USPCAS-E20180118181415.0m d cr n 960904s1997 cauab sb 001 0 eng d a0122351541 (alk. paper) a(WaSeSS)ssj0000148497 aDLCcDLCdDLCdWaSeSS 4aTD196.R3bE597 199700a363.179220bEIS-E 19971 aEisenbud, Merril.10aEnvironmental radioactivity10aEnvironmental radioactivityh[electronic resource] :bfrom natural, industrial, and military sources /cMerril Eisenbud, Thomas Gesell. a4th ed. aSan Diego :bAcademic Press,cc1997. a0 aIncludes bibliographical references (p. 569-639) and index. aLicense restrictions may limit access. 0aRadioactive pollution.1 aGesell, Thomas F. 0teBook - Environmental Science 1995 - 2006 [EBCAS-E06]40uhttp://www.columbia.edu/cgi-bin/cul/resolve?clio9480666zFull text available from eBook - Environmental Science 1995 - 2006 [EBCAS-E06]